000 00460nam a2200169 i 4500
001 46790
003 ES-MaACL
005 20230906161440.0
007 t|
008 030401s1967 sp ||||1| spa d
100 1 _aConn, Howard F.
_940199
245 1 0 _aTerapéutica 1967 /
_cdirigido por Howard F. Conn.
250 _a1º ed.
260 _aBarcelona, etc. :
_bSalvat,
_c[1967]
300 _aXXXVI, 1007 p. ;
_c26 cm.
852 _aES-MaACL
_jC-32546
_bR.63141
999 _c46790
_d46790